Geology for engineers and environmental scientists
Збережено в:
| Автор: | |
|---|---|
| Формат: | Книга |
| Мова: | Англійська |
| Опубліковано: |
Upper Saddle River
Pearson Education Inc.
2006
|
| Редагування: | 3a. ed |
| Предмети: | |
| Теги: |
Додати тег
Немає тегів, Будьте першим, хто поставить тег для цього запису!
|
MARC
| LEADER | 00000cam a2200000 a 4500 | ||
|---|---|---|---|
| 001 | UCE0837 | ||
| 003 | CL-VaPUC | ||
| 008 | 140307e20060000us |||||||||||||||||eng|d | ||
| 020 | |a 0131457306 | ||
| 082 | 0 | 4 | |a 624.151 |b KEH |2 21 |
| 100 | 0 | |a Kehew, Alan E |e author |9 573213 | |
| 245 | 1 | 0 | |a Geology for engineers and environmental scientists |
| 250 | |a 3a. ed | ||
| 300 | |a 696 p | ||
| 942 | |c BK | ||
| 945 | |d 20140307 11:03:00 |a dcastane | ||
| 260 | |a Upper Saddle River |b Pearson Education Inc. |c 2006 | ||
| 650 | 7 | |a GEOLOGIA APLICADA |2 CL-VaPUC |9 262496 | |
| 650 | 7 | |a GEOLOGIA BASICA |2 CL-VaPUC |9 360600 | |
| 650 | 0 | |a Geología dinámica |9 360601 | |
| 650 | 0 | |a Hidrogeología |9 262905 | |
| 650 | 7 | |a ESTATIGRAFIA |2 CL-VaPUC |9 360602 | |
| 583 | |a last modification |c 20140307 11:03:00 |k Rodrigo Vera | ||
| 999 | |c 354853 |d 354851 | ||
| 952 | |0 0 |1 0 |3 erb |4 0 |6 624_151000000000000_KEH_2006 |7 0 |8 A |9 461063 |a BIBING |b BIBING |i 5060524 |l 1 |m 1 |o 624.151 KEH 2006 |p 5060524 |r 2025-01-20 |s 2022-03-23 |w 2019-11-23 |y BK |z Catalogado en:20140307 |k EIQ | ||
| 952 | |0 0 |1 0 |3 erb |4 0 |6 624_151000000000000_KEH_2006 |7 0 |8 A |9 461064 |a BIBING |b BIBING |i 5060451 |l 1 |o 624.151 KEH 2006 |p 5060451 |r 2025-01-20 |s 2022-06-22 |w 2019-11-23 |y BK |z Catalogado en:20140307 |k EIQ | ||
| 952 | |0 0 |1 0 |3 erb |4 0 |6 624_151000000000000_KEH_2006 |7 0 |8 A |9 461065 |a BIBING |b BIBING |i 506046K |o 624.151 KEH 2006 |p 506046K |r 2025-01-20 |w 2019-11-23 |y BK |z Catalogado en:20140307 |k EIQ | ||